000 00494nam a2200169 4500
001 108290
003 ES-MaACL
005 20230906184621.0
007 t|
008 061121s1968 sp r ||||1| spa d
100 1 _aMolloy, E.
_982058
245 1 0 _aManual del motor diesel /
_cE. Molloy; traducción de Santiago Rubio.
260 _aBarcelona :
_bGustavo Gili,
_c1968.
300 _a372 p. :
_bil. ;
_c22 cm.
700 1 _aRubió, Santiago.
_9100379
852 _aES-MaACL
_jC-47325
_bR.66435
999 _c108290
_d108290